FMB state of trade survey (Record no. 114422)
[ view plain ]
| 000 -LEADER | |
|---|---|
| fixed length control field | 01667cad a22002535a 4500 |
| 001 - CONTROL NUMBER | |
| control field | L156804 |
| 008 - FIXED-LENGTH DATA ELEMENTS--GENERAL INFORMATION | |
| fixed length control field | 120716s2012 xxkd f 000 0 eng d |
| 035 ## - SYSTEM CONTROL NUMBER | |
| System control number | (Sirsi) u156804 |
| 041 0# - LANGUAGE CODE | |
| Language code of text/sound track or separate title | eng |
| 050 04 - LIBRARY OF CONGRESS CALL NUMBER | |
| Classification number | 338.4569 $2 18 |
| 110 2# - MAIN ENTRY--CORPORATE NAME | |
| Corporate name or jurisdiction name as entry element | Federation of Master Builders |
| 9 (RLIN) | 465 |
| 245 00 - TITLE STATEMENT | |
| Title | FMB state of trade survey |
| Remainder of title | second quarter 2012 |
| Medium | [electronic resource] |
| 260 ## - PUBLICATION, DISTRIBUTION, ETC. | |
| Place of publication, distribution, etc. | London |
| Name of publisher, distributor, etc. | FMB |
| Date of publication, distribution, etc. | 2012 |
| 490 #0 - SERIES STATEMENT | |
| Series statement | FMB State of Trade Survey |
| Volume/sequential designation | Second Quarter 2012 |
| 505 2# - FORMATTED CONTENTS NOTE | |
| Formatted contents note | Summary -- Workload -- Residential workload -- Non-residential workload -- Expected workload and enquiries -- Residential expected workload -- Non-residential expected workload and enquiries -- Residential expected workload -- Non-residential expected workload -- Prices and costs -- Employment and labour -- Regional perspective |
| 520 ## - SUMMARY, ETC. | |
| Summary, etc. | There was no let up in Q2 2012 as overall SME workloads declined again, according to the latest State of Trade survey from the FMB. However, one quarter of firms indicated that workloads had risen during the quarter, a slight improvement from the 23% in the first quarter of the year. The outlook for the coming three months has deteriorated, with 22% of respondents reporting positive expectations for workloads, down from 27% three months ago. Around 38% anticipated a fall. |
| 521 2# - TARGET AUDIENCE NOTE | |
| Target audience note | Advanced |
| 590 ## - LOCAL NOTE (RLIN) | |
| Local note | KA NTK |
| 650 24 - SUBJECT ADDED ENTRY--TOPICAL TERM | |
| Topical term or geographic name entry element | FEDERATION OF MASTER BUILDERS STATE OF TRADE SURVEY |
| 651 #4 - SUBJECT ADDED ENTRY--GEOGRAPHIC NAME | |
| Geographic name | United Kingdom |
| Chronological subdivision | |
| 690 ## - LOCAL SUBJECT ADDED ENTRY--TOPICAL TERM (OCLC, RLIN) | |
| Topical term or geographic name as entry element | Construction management |
| 9 (RLIN) | 6230 |
| 856 40 - ELECTRONIC LOCATION AND ACCESS | |
| Uniform Resource Identifier | <a href="https://www.fmb.org.uk/information-and-help/publications/state-of-trade-survey/2012/?entryid24=485700">https://www.fmb.org.uk/information-and-help/publications/state-of-trade-survey/2012/?entryid24=485700</a> |
| Public note | View the survey free of charge at www.fmb.org.uk |
| 942 ## - ADDED ENTRY ELEMENTS (KOHA) | |
| Suppress in OPAC | 0 |
| Withdrawn status | Lost status | Source of classification or shelving scheme | Damaged status | Not for loan | Home library | Current library | Shelving location | Date acquired | Total Checkouts | Full call number | Barcode | Date last seen | Copy number | Price effective from | Koha item type |
|---|---|---|---|---|---|---|---|---|---|---|---|---|---|---|---|
| Dewey Decimal Classification | Virtual | Virtual | Online | 16/07/2012 | ONLINE PUBLICATION | 156804-2001 | 06/08/2019 | 1 | 06/08/2019 | Book |